书目信息 |
| 题名: |
工业企业财务管理
|
|
| 作者: | ;厦门大学经济系财务会计教研室 编 | |
| 分册: | ||
| 出版信息: | 北京 中国财政经济出版社 1979 |
|
| 页数: | 213页 | |
| 开本: | 20cm | |
| 丛书名: | ||
| 单 册: | ||
| 中图分类: | F425 | |
| 科图分类: | ||
| 主题词: | 工业企业管理--财务管理 , 工业经济--中国 | |
| 电子资源: | ||
| ISBN: | ||
| 000 | 00753nam0 2200229 45 | |
| 001 | 0179007936 | |
| 005 | 20060417152731.00 | |
| 010 | @dCNY0.86 | |
| 091 | @a4166.102 | |
| 100 | @a19950714d1979 em y0chiy0121 ea | |
| 101 | 0 | @achi |
| 102 | @aCN@b110000 | |
| 105 | @ay z 000yy | |
| 200 | 10 | @a工业企业财务管理@Agong ye qi ye cai wu guan li@f厦门大学经济系财务会计教研室编@Fxia men da xue jing ji xi cai wu kuai ji jiao yan shi bian |
| 210 | @a北京@c中国财政经济出版社@d1979 | |
| 215 | @a213页@d20cm | |
| 606 | @a工业企业管理@x财务管理 | |
| 606 | 0 | @a工业经济@x中国 |
| 690 | @aF425@v3 | |
| 711 | 0 | @a厦门大学经济系财务会计教研室@Axia men da xue jing ji xi cai wu kuai ji jiao yan shi@4编 |
| 801 | 0 | @aCN@bTSSF@c20060417 |
| 905 | @a10447@dF425@e11 | |
| 工业企业财务管理/厦门大学经济系财务会计教研室编.-北京:中国财政经济出版社,1979 |
| 213页;20cm |
| ISBN :CNY0.86 |
| ● |
| 相关链接 |
|
|
|
|
正题名:工业企业财务管理
索取号:F425/11
 
预约/预借
| 序号 | 登录号 | 条形码 | 馆藏地/架位号 | 状态 | 备注 |
| 1 | 0050804 | 202240547 | 密集书库/ [索取号:F425/11] | 在馆 | |
| 2 | 0050805 | 000209642 | 第一样本阅览室/ [索取号:F425/11] | 在馆 |